Statistics for Finish the Team (Soccer) - Europe

Click here to take the quiz!

General Stats

  • This quiz has been taken 45 times
  • The average score is 24 of 27

Answer Stats

HintAnswer% Correct
Crystal ______Palace
100%
___ AthensAEK
98%
West Bromwich ______Albion
98%
_____ LeverkusenBayer
98%
Young ____Boys
98%
Nottingham ______Forest
98%
Tottenham _______Hotspur
98%
_____ MilanInter
98%
____ MadridReal
98%
___ ____ BelgradeRed Star
98%
Paris _____-_______Saint-Germain
98%
Aston _____Villa
98%
___ EindhovenPSV
95%
___ ____ SalzburgRed Bull
95%
______ KyivDynamo
93%
_______ DonetskShaktar
93%
Sheffield _________Wednesday
91%
Charlton ________Athletic
89%
_________ MoscowLokomotiv
89%
Bolton _________Wanderers
86%
Malmo __FF
84%
_____ of MidlothianHeart
84%
______ SplitHadjuk
82%
Tallinna _____Kalev
59%
Bohemians ____1905
55%
_____ SzczecinPogon
52%
_____ BucurestiRapid
48%

Score Distribution

Percentile by Number Answered

Percent of People with Each Score

Your Score History

You have not taken this quiz